El Congreso de 1882: Retratos políticos de sus miembros

Сохранить в:
Библиографические подробности
Главный автор: Rodríguez Bravo, Joaquín (Автор)
Формат:
Язык:испанский
Опубликовано: Santiago Imprenta Victoria, calle de la Bandera, 21 1882
Редактирование:1a. ed
Предметы:
Метки: Добавить метку
Нет меток, Требуется 1-ая метка записи!

MARC

LEADER 00000nam a2200000 a 4500
001 UCJ5291
003 CL-VaPUC
008 070124e18820000CL |||||||||||||||||spa|d
082 0 4 |a 983  |b ROD  |2 21 
100 0 |a Rodríguez Bravo, Joaquín  |e author  |9 510320 
245 1 3 |a El Congreso de 1882: Retratos políticos de sus miembros 
250 |a 1a. ed 
300 |a 324 p 
942 |c BK 
945 |d 20070124 00:00:00  |a rinostro 
260 |a Santiago  |b Imprenta Victoria, calle de la Bandera, 21  |c 1882 
500 |a La copia 1 aparece rotulada sólo Retratos Políticos; la copia 2 con su título original 
600 0 7 |a ALDUNATE, FEDERICO  |2 CL-VaPUC  |9 510321 
600 0 7 |a BALMACEDA, JOSE VICENTE  |2 CL-VaPUC  |9 510322 
600 0 7 |a BARROS LUCO, RAMON  |2 CL-VaPUC  |9 268141 
600 0 |a Ibáñez Gutiérrez, Adolfo   |d 1827-1898  |9 506736 
600 0 |a Lillo, Eusebio,  |d 1826-1910  |9 504958 
600 0 |a Montt Montt, Pedro,  |d 1849-1910  |9 268140 
600 0 7 |a SAAVEDRA RIVERA, CORNELIO  |2 CL-VaPUC  |9 510323 
650 7 |a BIOGRAFIA  |2 CL-VaPUC  |9 504622 
650 7 |a PARLAMENTARIOS  |2 CL-VaPUC  |9 338461 
650 0 |a Historia de Chile  |9 265473 
651 7 |a CHILE  |2 CL-VaPUC  |9 510324 
583 |a last modification  |c 20070124 00:00:00  |k Rodrigo Vera 
999 |c 321401  |d 321399 
952 |0 0  |1 0  |4 0  |6 983_000000000000000_ROD_1882  |7 0  |8 X  |9 400129  |a FDOBUD  |b FDOBUD  |d 2019-11-22  |i 103250K  |o 983 ROD 1882  |p 103250K  |r 2019-11-22  |w 2019-11-22  |y BK_X  |k BUD 
952 |0 0  |1 0  |4 0  |6 983_000000000000000_ROD_1882  |7 0  |8 X  |9 400130  |a FDOBUD  |b FDOBUD  |d 2019-11-22  |i 1032518  |o 983 ROD 1882  |p 1032518  |r 2019-11-22  |w 2019-11-22  |y BK_X  |k BUD